[Event "EU-ch 6th"]
[Site "Warsaw"]
[Date "2005.06.28"]
[Round "10"]
[White "Bednarek, Sylwester"]
[Black "Sergeev, Vladimir"]
[Result "1-0"]
[WhiteElo "2321"]
[BlackElo "2458"]
[Annotator "Atlas,V"]
[PlyCount "65"]
[EventDate "2005.06.18"]
[EventType "swiss"]
[EventRounds "13"]
[EventCountry "POL"]
[SourceTitle "CBM 108"]
[Source "ChessBase"]
[SourceDate "2005.09.26"]
[SourceVersion "1"]
[SourceVersionDate "2005.09.26"]
[SourceQuality "1"]

1. e4 d5 2. exd5 Qxd5 3. Nc3 Qd6 4. d4 Nf6 5. Bg5 a6 6. Qd2 b5 7. f3 Bb7 8.
O-O-O Nbd7 9. Bf4 Qb6 10. Kb1 e6 11. Qe1 b4 12. Ne4 Nd5 13. Bc1 c5 14. dxc5
Nxc5 15. Bc4 O-O-O 16. Nh3 h6 17. Nf4 $1 Nxe4 18. fxe4 Nxf4 19. Rxd8+ Qxd8 20.
Bxf4 Bc5 21. Qe2 Qb6 22. Rf1 Re8 $6 ({Better was} 22... Rd8) 23. Qh5 $1 g6 24.
Qxh6 Bxe4 25. Qg7 Qb7 26. Bg3 Rd8 27. Qe5 Bb6 (27... Bd6 {was to be preferred,
although after} 28. Qa5 {White retains advantage.}) 28. a4 $1 b3 (28... bxa3 {
loses after} 29. Rxf7 $1) (28... Rd7 {fails to} 29. Bxa6 $1) 29. Bxb3 Bd4 (
29... Bxc2+ {was insufficient. After} 30. Kxc2 Qxg2+ 31. Rf2 Qc6+ 32. Kb1 Bxf2
33. Bxf2 {White retains excellent winning prospects.}) ({Somewhat more
stubborn was} 29... Rd7) {[%tqu "En","Both armies are actively placed, but
White can strike first. Can you find a brilliant winning move for White?",
"Exploit an exposed position of the enemy king.","Sacrifice your bishop!",
"b3e6","The impressive conclusion of White's attack.",5]} 30. Bxe6+ $1 {
[%csl Rc8,Ge5,Ge6,Gf1,Gg3][%cal Gg3c7,Cf7e6,Gf1f8] The winning move. Now Black
is doomed.} fxe6 31. Qxe6+ Qd7 ({Or} 31... Rd7 32. Rf8#) 32. Qxe4 Qb7 33. Qe6+
1-0

[Event "YUG-ch 56th"]
[Site "Herceg Novi"]
[Date "2001.03.23"]
[Round "1"]
[White "Pikula, Dejan"]
[Black "Savic, Miodrag R"]
[Result "1-0"]
[WhiteElo "2513"]
[BlackElo "2443"]
[Annotator "Atlas,V"]
[PlyCount "41"]
[EventDate "2001.03.23"]
[EventType "tourn"]
[EventRounds "15"]
[EventCountry "YUG"]
[EventCategory "10"]
[SourceTitle "CBM 083"]
[Source "ChessBase"]
[SourceDate "2001.07.05"]
[SourceVersion "1"]
[SourceVersionDate "2001.07.05"]
[SourceQuality "1"]

1. e4 d5 2. exd5 Qxd5 3. Nc3 Qa5 4. d4 Nf6 5. Nf3 c6 6. Bd2 Bf5 7. Ne4 Qc7 8.
Nxf6+ gxf6 9. g3 Qd7 10. Bg2 Qe6+ 11. Be3 Bh6 $4 {A big mistake. This
imprudent pseudo-active move is elegantly refuted by White.} {[%tqu "En","How
can White exploit the shaky position of the black dark-sqaured bishop?","Play
energetically not to allow Black any time for defence.","Try to vacate the
d4-sqaure for your knight.","d4d5","This is a nice touch!",5]} 12. d5 $1 {
[%csl Re6,Rf5,Rh6][%cal Gf3d4,Gd4e6,Gd4f5,Ge3h6] Räumung} Qe4 (12... cxd5 {
fails to} 13. Nd4 Qe5 14. Nxf5 Bxe3 (14... Qxf5 15. Bxh6 $18) 15. Nxe3 d4 16.
Bxb7 $18) 13. Nh4 Bxe3 14. Bxe4 Bxe4 15. Qg4 f5 16. Nxf5 Bxh1 17. Nxe3 Nd7 18.
O-O-O Bxd5 19. Nxd5 cxd5 20. Rxd5 e6 21. Qd4 1-0

[Event "AUT-chT 9697"]
[Site "Austria"]
[Date "1996.??.??"]
[Round "7"]
[White "Rabiega, Robert"]
[Black "Beliavsky, Alexander G"]
[Result "1/2-1/2"]
[WhiteElo "2480"]
[BlackElo "2665"]
[Annotator "Balinov,I"]
[PlyCount "112"]
[EventDate "1996.??.??"]
[EventType "team"]
[EventRounds "11"]
[EventCountry "AUT"]
[SourceTitle "CBM 057 Extra"]
[Source "ChessBase"]
[SourceDate "1997.05.01"]
[SourceVersion "1"]
[SourceVersionDate "1997.05.01"]
[SourceQuality "1"]

1. e4 d5 2. exd5 Qxd5 3. Nc3 Qa5 4. d4 Nf6 5. Nf3 c6 {Zur Zeit wieder in Mode}
6. Ne5 Be6 (6... Bf5 $2 7. Bc4 e6 8. g4 Bg6 9. h4 $16) 7. Nc4 Bxc4 8. Bxc4 e6
9. O-O Be7 10. Qd3 $14 Nbd7 11. Ne4 Rd8 12. Bf4 O-O 13. c3 Nh5 $5 (13... c5 $2
14. Nd6) (13... e5 14. Bg3 exd4 15. Qxd4 $14) 14. Bd6 (14. Be3 c5 $1) 14...
Bxd6 15. Nxd6 Qg5 $5 (15... Qc7 16. Ne4 Nhf6 $11) 16. Qf3 (16. Nxb7 $2 Ne5 $19)
16... Nb6 17. Ne4 Qf5 18. Be2 Nf4 19. Rfe1 Nxe2+ 20. Qxe2 $11 Nd5 21. Rad1 Rfe8
22. Ng3 Qg6 23. h3 Re7 24. Nh5 Qh6 25. Qf3 Red7 26. Re5 Ne7 27. Nf4 Qf6 (27...
Ng6 $11) 28. Qe4 Nf5 29. Nh5 Qg6 30. Nf4 Qf6 31. Rd3 Nd6 32. Qf3 Nc4 33. Re2 g6
34. Qg4 Kh8 35. Rf3 Qg7 36. Nd3 $14 Rd5 37. Nf4 Rf5 $6 (37... R5d7 $5) 38. Nd3
Nd6 39. Ne5 Kg8 40. Rfe3 Ne8 41. Qh4 g5 $8 {Es drohte g4.} 42. Qg3 h5 43. h4
Nf6 44. hxg5 Rxg5 45. Qh3 Ng4 {[#]} 46. f4 $1 Nxe3 47. Rxe3 Rg4 48. Nxg4 hxg4
49. Qh4 $14 Rd5 50. Kh2 Qg6 51. Kg3 c5 $5 52. dxc5 Rd2 $1 (52... Rd3 53. Rxd3
Qxd3+ 54. Kh2 $14 Qf5 (54... f5 55. Qf2 {/\ Dd4 +/-}) 55. Qg5+ $18) 53. Kh2 (
53. Re5 $5 Qd3+ $1 (53... Rd3+ 54. Kh2 g3+ 55. Kh3 f5 56. Qg5 Qxg5 57. fxg5 Kf7
58. a4 $18) (53... Kf8 54. f5 exf5 55. Qh8+ Qg8 56. Re8+ $18) 54. Kh2 Qh3+ $1
55. Qxh3 gxh3 56. Rg5+ Kf8 57. b4 Rxa2 58. Kxh3 Rf2 $1 59. c6 (59. Kg3 Rc2 $11)
59... bxc6 60. Kg3 Ra2 61. Rc5 Ra6 $14 62. Kh4 (62. Kf3 f5 $11) 62... Ke7 63.
g4 $14) 53... Rxb2 54. Rg3 Qh7 $1 55. Rxg4+ Kh8 56. Qxh7+ Kxh7 1/2-1/2

[Event "AUT-chT 9697"]
[Site "Austria"]
[Date "1996.??.??"]
[Round "7"]
[White "Popovic, Petar"]
[Black "Casagrande, Harald"]
[Result "1-0"]
[WhiteElo "2545"]
[BlackElo "2365"]
[Annotator "Balinov,I"]
[PlyCount "47"]
[EventDate "1996.??.??"]
[EventType "team"]
[EventRounds "11"]
[EventCountry "AUT"]
[SourceTitle "CBM 057 Extra"]
[Source "ChessBase"]
[SourceDate "1997.05.01"]
[SourceVersion "1"]
[SourceVersionDate "1997.05.01"]
[SourceQuality "1"]

1. e4 d5 2. exd5 Nf6 3. d4 Nxd5 4. Nf3 g6 5. c4 Nb6 6. c5 $1 Nd5 (6... N6d7 7.
Bc4 $40) 7. Bc4 Bg7 8. Nc3 c6 9. O-O O-O 10. Re1 $1 $146 (10. Qb3) 10... Nxc3
11. bxc3 Nd7 12. Qe2 $5 e6 $8 (12... Re8 13. Ng5) 13. Bg5 Qa5 14. Be7 Re8 15.
Bd6 $16 h6 $2 (15... Qxc3 $142 16. Rac1 Qa5 17. h4 {/\ h5} Nf6 18. Ne5 $40) 16.
Ne5 Nxe5 17. dxe5 Qxc3 18. Rac1 Qa5 19. Qf3 Qd2 20. Rcd1 Qg5 21. Re4 f5 22.
exf6 $18 Qxf6 23. Rf4 Qc3 24. Qe4 1-0

[Event "RUS-chT 03rd"]
[Site "Kazan"]
[Date "1995.??.??"]
[Round "4"]
[White "Tseshkovsky, Vitaly"]
[Black "Prokopchuk, Evgeny"]
[Result "0-1"]
[WhiteElo "2540"]
[BlackElo "2365"]
[Annotator "Bangiev,A"]
[PlyCount "78"]
[EventDate "1995.??.??"]
[EventType "team-tourn"]
[EventRounds "9"]
[EventCountry "RUS"]
[SourceTitle "CBM 051"]
[Source "ChessBase"]
[SourceDate "1996.04.01"]
[SourceVersion "1"]
[SourceVersionDate "1996.04.01"]
[SourceQuality "1"]
[WhiteTeam "Kazan Sberbank-Tatarstan"]
[BlackTeam "Surgut Fakel-Surgutgazprom"]
[WhiteTeamCountry "RUS"]
[BlackTeamCountry "RUS"]

1. e4 d5 2. exd5 Nf6 3. Bb5+ {Eine selten angewandte Fortsetzung, die jedoch
Beachtung verdient.} Bd7 4. Bc4 Bg4 5. Nf3 Nxd5 6. c3 $5 $146 {Eine Neuerung.
Es droht 7.Qb3 oder 7.Qa4, deswegen soll Schwarz den Springer d5 decken. 
Anzutreffen war außerdem:} (6. d4 e6 7. O-O Be7 8. c3 O-O 9. Nbd2 Nd7 10. Qb3
N7b6 11. Bd3 Nf4 12. Be4 c6 13. Re1 Bd6 14. a4 Rb8 15. a5 Nbd5 16. c4 Nf6 17.
Bc2 Bc7 18. Qc3 N6h5 19. b4 f5 20. g3 Nh3+ 21. Kg2 f4 22. Rf1 Rf6 23. Bb2 Rh6
24. Ng1 Nxf2 25. Rxf2 fxg3 26. hxg3 Bxg3 27. Ndf3 Bxf2 28. Kxf2 Qd6 29. Ne5
Rf8+ 30. Ke3 Rhf6 {Briffel,F-Al Subaihi,K/Moscow olm (12) ANG-YEM 1994/1/2-1/2
(64)}) (6. Nc3 e6 7. d4 Be7 8. Ne4 h6 9. c3 Nd7 10. Qb3 Bxf3 11. gxf3 N7b6 12.
Be2 Rb8 13. Rg1 g5 14. Bd2 Qd7 15. O-O-O a6 16. c4 Nf6 17. Nc5 Qc6 18. Bc3 Rg8
19. Rge1 Nfd7 20. Ne4 Qa4 21. Bf1 Qxb3 22. axb3 f5 23. Ng3 Kf7 24. Bd3 Nf6 25.
Re2 Rge8 26. Rde1 Bd6 27. d5 Bf4+ 28. Kc2 exd5 {1-0 Danneck,W-Kladiva,L/
Balatonbereny op (03) 1995}) 6... c6 $8 (6... Nb6 $2 7. Bxf7+ Kxf7 8. Ne5+ $16)
(6... e6 $2 7. Qa4+ (7. Bxd5 exd5 8. Qa4+ Bd7) 7... Qd7 $8 (7... c6 $2 8. Bxd5
$18) 8. Bb5 c6 9. Bxc6 Nxc6 10. Qxg4 $16) (6... Nc6 $6 7. Qb3 Bxf3 (7... Na5 8.
Qa4+ c6 9. Bxd5 $18) 8. Qxb7 $1 Nb6 (8... Na5 $2 9. Bb5+ c6 10. Bxc6+ Nxc6 11.
Qxc6+ Qd7 12. Qxa8+ $18) 9. gxf3 Ne5 10. Bb5+ Ned7 11. d4 $16) (6... Nf6 $2 7.
Bxf7+ Kxf7 8. Ne5+ $16) (6... g6 $6 7. Qb3 Bxf3 8. gxf3 $16) 7. d4 e6 8. Nbd2
Nd7 (8... Be7 $6 9. h3 Bf5 10. Ne5 Nd7 11. Ndf3 $14) 9. h3 (9. O-O $5 Be7 10.
Bd3 O-O (10... Bh5 11. Re1 O-O 12. Qc2 Bg6 13. Bxg6 hxg6 14. Ne4 b5 15. Neg5
$40 {/\Qe4-h4->h7}) 11. Qc2 $36) 9... Bf5 (9... Bh5 10. O-O Be7 11. Bd3 O-O 12.
Qc2 $36) 10. O-O Be7 (10... Bd6 $6 11. Re1 O-O 12. Ne4 $36) 11. Re1 O-O 12. Ne4
$1 (12. Nf1 $5 Qc7 13. N1h2 (13. Ng3 Bg6 14. Bd3 b5 $132) (13. Bd3 Bxd3 14.
Qxd3 c5 $132) 13... b5 14. Bd3 Bxd3 15. Qxd3 Rab8 16. a4 a6 17. Ng4 $13) 12...
Qc7 13. Bd3 b5 14. Bd2 (14. Neg5 $5 Bxd3 15. Qxd3 Bxg5 16. Bxg5 (16. Nxg5 N7f6
17. a4 a6 $13) 16... Rab8 17. Bh4 $36 {/\18.Bg3}) 14... Bg6 (14... Rab8 $5) 15.
Qb1 $5 Rab8 16. Neg5 $36 {Weiß verfügt über Raumvorteil und gute Möglichkeiten
zu aktiven Spiel am Königsflügel.} Bxd3 (16... a5 $6 17. Bxg6 hxg6 18. Qe4 $36
{/\19.Qh4}) (16... c5 $6 17. Bxg6 hxg6 18. Qe4 $36) 17. Qxd3 Bxg5 $5 {Schwarz
steht etwas gedrückt und will seine Lage durch Abtausch entlasten.} (17... N7f6
$6 18. Ne5 h6 19. Ne4 $36) 18. Nxg5 (18. Bxg5 c5 $5 $132) 18... N7f6 19. a4 $5
{Ein typischer Sprengungszug.} a6 {Schwarz verfügt über eine recht feste
Stellung. Nun setzt er in Folge c6-c5 durch und erlangt gute Gegenchancen am
Damenflügel.} (19... b4 20. c4 Ne7 21. g3 (21. Qf3 Qd7 22. Bf4 Rbd8 23. Be5 $36
) 21... Rbd8 (21... Ng6 22. h4 $36) 22. Bf4 Qd7 23. Be5 $36) (19... bxa4 $6 20.
c4 Ne7 21. Bc3 $36) 20. Ne4 {Dies soll 20...c5 vorhindern.} Nxe4 21. Rxe4 Rbd8
(21... c5 $6 22. Rh4 f5 (22... Nf6 $2 23. Bf4) 23. axb5 axb5 (23... c4 24. Qe2
$16) 24. dxc5 Qxc5 25. Rd4 $36) 22. Bg5 {Weiß beabsichtigt das Manöver
Bg5-h4-g3, um seinen Vorposten e5 zu befestigen.} (22. Rh4 f5 $5 $15) 22... Rd7
23. axb5 {Dieser Abtausch soll den Vorstoß c6-c5 verhindern.} axb5 24. Qf3 {
Weiß droht, mittels Qh5 und Rh4 einen Angriff am Königsflügel einzuleiten.} (
24. Bh4 Ne7 25. Bg3 Qb7 26. Re5 $5 (26. Rae1 $13) 26... Rd5 27. Rae1 $13) 24...
Ne7 {Dies soll 25.Qh5 oder 25.Rh4 parieren.} (24... c5 $6 25. Rh4 $1 h6 26. Qh5
$40) 25. Bf4 (25. Rh4 $2 Nf5) (25. Qh5 Ng6) 25... Qb7 {Trotz der zahlreichen
Abtausche hat Weiß die etwas besseren Aussichten.} 26. h4 $5 {Mit diesem Zug
entscheidet sich Weiß für einen scharfen, aber riskanten Plan. Das Ziel
besteht darin, eine Schwächung des schwarzen Lagers hervorzurufen.} (26. Be5 $5
) 26... Rd5 $5 27. h5 $5 {Weiß hat seine Figuren und den h-Bauern auf dem
Königsflügel in Angriffsposition gebracht. Aber die schwarze Stellung ist
recht stabil.} Rf5 $5 28. Qg4 $5 {Am konsequentesten. Weiß erspäht im
schwarzen Lager einen schwachen Punkt (g7) und richtet seinen Angriff darauf
aus. Es droht 29.Be5} (28. g4 Rd5 29. h6 $5 $40) 28... g6 29. hxg6 (29. h6 $5 {
Ein interessanter Zug mit der Idee, die Schwäche (die Punkte g7,f6,e5) im
schwarzen Lager zu befestigen.} Rh5 30. Qf3 {Dies soll die Drohung 20...Nf5
verhindern.} (30. Re3 Nf5 31. Rh3 {mit scharfem Spiel} Rxh3 32. Qxh3 f6 $13)
30... Qd7 (30... c5 31. dxc5) (30... Nf5 $2 31. g4) 31. g4 Rd5 32. Rae1 $36)
29... hxg6 30. Be5 $2 (30. Re5 $5) (30. Bd6 $1 {Der einzige Zug, der die
Initiative aufrecht erhält. Vor allem soll der Zug Rf5-h5 verhindert werden.}
Re8 (30... Rh5 $2 31. Rxe6 $1 fxe6 (31... Qd7 $2 32. Rxg6+ $18) 32. Bxe7 Qxe7
33. Qxg6+ $16) 31. Bc5 Qc8 (31... Rh5 $2 32. Ra7) 32. Ra7 Nd5 33. Qg3 {Mit
weißer Initiative.}) 30... Rh5 $1 $36 {Es droht f7-f5} 31. Qf3 $2 (31. Bf6 $5
Nd5 (31... Rf5 32. Rf4 $5 $36 (32. Qh4 Rh5 33. Qg4)) 32. Be5 (32. Rxe6 $2 {
Dies wird wiederlegt.} Qd7 $17 (32... fxe6 $2 33. Qxg6+ $18) (32... Nxf6 $2 33.
Rxf6 $16)) 32... Ne7 $10) 31... f5 $1 32. Ree1 (32. Re2 $142 Nd5 33. Bd6 Re8
34. Rae1 {[%csl Re6]} Qh7 35. g3) 32... Nd5 {Schwarz hat die etwas besseren
Aussichten, weil in Stellungen dieser Art der Springer stärker als der Läufer
ist. Außerdem muß Weiß mit dem Angriff auf der h-Linie rechnen.} 33. Bd6 Re8 {
Die weiße Stellung ist überaus gefährlich. Es droht 34...Qh7} (33... Qh7 $2 34.
Qxh5 (34. g4 $2 Rh3) 34... Qxh5 35. Bxf8 Kxf8 36. Rxe6 $13) 34. Qg3 $6 (34. g3
$142) (34. Bf4 Qh7 35. g3 g5 36. Be5 Rh2 $17 {/\31...g4}) 34... Qh7 35. f3 (35.
f4 Nf6 $19) 35... g5 36. Be5 $2 (36. f4 $142 Nf6 $1 $40 37. fxg5 Ne4 (37... Ng4
38. Kf1) 38. Rxe4 fxe4 39. g6 Qh6 $17) (36. Kf2 f4 37. Qg4 Nf6 38. Qxe6+ Rxe6
39. Ra8+ Kg7 (39... Ne8 40. Rxe8+ Rxe8 41. Rxe8+ Kf7 42. Re7+ Kg6 43. Rxh7 Rxh7
$15) 40. Rxe6 $5 (40. Ra7+ Kg6 41. Rxh7 Rxd6 $19) 40... Qc2+ 41. Re2 Qc1 {/\Rh1
} 42. Ra7+ Kg6 43. Bf8 Rh1 44. Rg7+ Kh5 $19) (36. Qe5 Nf4 $1 $19 (36... Rh1+
37. Kf2 Rxe1 (37... Qh4+ 38. Qg3 Qxg3+ 39. Kxg3) 38. Rxe1) 37. Rad1 Rh1+ 38.
Kf2 Qh4+) 36... f4 37. Bxf4 (37. Qg4 Ne3 $19) 37... Nxf4 38. Re5 Rh1+ 39. Kf2
Qc2+ 0-1

[Event "Moscow Petrosian Memorial"]
[Site "Moscow"]
[Date "1995.??.??"]
[Round "8"]
[White "Smagin, Sergey"]
[Black "Vlassov, Nikolai"]
[Result "0-1"]
[WhiteElo "2540"]
[BlackElo "2465"]
[Annotator "Belov,I"]
[PlyCount "54"]
[EventDate "1995.??.??"]
[EventType "tourn"]
[EventRounds "11"]
[EventCountry "RUS"]
[EventCategory "10"]
[SourceTitle "CBM 046"]
[Source "ChessBase"]
[SourceDate "1995.06.01"]
[SourceVersion "1"]
[SourceVersionDate "1995.06.01"]
[SourceQuality "1"]

1. e4 {Blatny,P} Nc6 2. Nf3 d5 3. exd5 Qxd5 4. Nc3 Qa5 5. Bb5 (5. g3 $5) (5. d4
Bg4 6. Bb5 $6 (6. Be2 O-O-O 7. Be3 Nf6 8. Nd2 Bxe2 9. Qxe2 Qf5 10. Nb3 e5 $10)
6... O-O-O 7. Bxc6 bxc6 8. h3 Qh5 9. Qd3 Bxf3 10. gxf3 e5 11. d5 Ne7 12. Bd2
cxd5 13. Qa6+ Kb8 $17 {Iordachescu,V-Vlassov,N/Moscow/1995/0:1/56/}) 5... Bd7
6. d4 (6. O-O O-O-O 7. a3 a6 8. b4 Nxb4 (8... Qb6 $13) 9. Bxd7+ Rxd7 10. axb4
Qxa1 11. Ne5 Nf6 12. Qe2 e6 13. Nxd7 Nxd7 14. Qc4 c5 15. bxc5 Nxc5 $1 16. Qf4
Qa5 17. Qxf7 Qc7 18. Qe8+ Qd8 19. Qh5 Qd4 $10 {Groszpeter,A-Vlasov,N/Passau/
1994/}) (6. Qe2 $5 O-O-O 7. O-O a6 8. Bxc6 Bxc6 9. Ne5 Be8 10. b4 Qb6 11. Re1
f6 12. Nc4 Qd4 $16 {Kruppa,Y-Vlassov,N/Ukrajina(ch)/1994/}) 6... a6 $5 (6...
O-O-O 7. O-O (7. Bd2 Bg4 (7... a6 {Blatny,P} 8. a4 $1 {/\Nd5} Qb6 9. a5 Qa7 10.
Bxc6 Bxc6 11. Ne5 Be8 (11... Qxd4 12. Nxf7 Bxg2 13. Rg1 Bf3 14. Qxf3 Qxd2+ 15.
Kf1 $18) 12. Be3 e6 $16) 8. Bxc6 bxc6 9. Qe2 Nf6 (9... Kb7 10. b4 $40) 10. h3
Bxf3 11. Qxf3 Qa6 12. Ne2 Qc4 13. Qb3 Qxb3 14. axb3 Kb7 $14) 7... a6 8. Bxc6 (
8. Be2 e5 (8... Bg4 9. d5 $1 Nf6 10. Ng5 Be6 11. Nxe6 fxe6 12. Bg4 $16) 9. d5
Be6 10. Bc4 Nf6 11. Ng5 Bb4 12. Qe2 $1 Nxd5 13. Nxd5 Bxd5 14. Nxf7 Bxf7 15.
Bxf7 $14) (8. Ba4 {Blatny,P} Qh5 $2 (8... b5 $142) 9. Ne4 b5 10. Ng3 Qg6 11.
Bb3 Bg4 12. c3 h5 13. h3 (13. a4 $142) 13... h4 $1 $40 {Balashov-Vlassov/
Passau/1994/}) 8... Bxc6 9. Ne5 Be8 10. Qf3 f6 11. d5 $5 e6 $5 12. Nc4 Qc5 13.
b3 b5 14. dxe6 Bc6 15. Qh3 Ne7 16. Na5 Ba8 17. a3 Qf5 $1 $44 {Ivanov,V.L.
-Vlassov,N/Moscow/1994/1:0/43/}) 7. Be2 O-O-O 8. O-O Nf6 (8... Bg4 $6 9. d5 Nh6
(9... e6 10. Ng5 Bxe2 11. Qxe2 $18) 10. Bd2 Bxf3 11. Bxf3 Ne5 12. Re1 f6 13. a3
$16 {Ivanov,V.L.-Vlassov,N/Moscow/1995/0,5/43/}) 9. Bd2 (9. d5 Nb4 10. Ne5 Be8
11. Bg4+ Kb8 $15) 9... e5 10. dxe5 Nxe5 11. Ne4 (11. Nxe5 Qxe5 12. Bf3 Bd6 13.
g3 Bh3 14. Re1 Qf5 $15) 11... Qd5 (11... Nxf3+ {Blatny,P} 12. Bxf3 Qb6 13. Be3
$36) 12. Nxf6 gxf6 13. Bc3 Qe6 (13... Qxd1 14. Raxd1 Bd6 15. Nd4 $14) (13...
Bc6 {Blatny,P} 14. Qxd5 Bxd5 15. Nxe5 fxe5 16. Bg4+ Kb8 17. Bxe5 Rg8 18. Bh3
$16) 14. Nd4 (14. Nxe5 fxe5 15. Qc1 Bc5 $15) 14... Qb6 $15 15. Qd2 Rg8 16. Qe3
Re8 17. Rad1 Bc5 18. Qh6 (18. Rfe1 $142 {Blatny,P} Nc4 19. Qc1) 18... Nc6 19.
Bh5 $2 (19. Nxc6 Rxe2 (19... Bxc6 20. Qh3+ Kb8 21. Bf3 $10) (19... Qxc6 {
Blatny,P קg2,Be2}) 20. Nd4 Re4 $17) (19. Bc4 {Blatny,P} Nxd4 20. Bxd4 Bxd4 21.
Bxf7 {-/+/-+}) 19... Nxd4 20. Bxd4 Bxd4 21. Bxf7 Qc6 22. g3 Qf3 $1 $19 23. Bh5
(23. Bxe8 Rxe8 (23... Bxf2+ {Blatny,P} 24. Rxf2 Qxd1+ 25. Rf1 Qd4+ 26. Rf2 Rxe8
$19) 24. Rxd4 (24. Rd3 Bxf2+ 25. Rxf2 Re1+) 24... Bc6 $19) 23... Bg4 24. Bxg4+
Rxg4 25. Rd2 Rxg3+ $1 26. hxg3 Qxg3+ 27. Kh1 Qf3+ (27... Qf3+ 28. Kh2 Be5+ 29.
Kg1 Rg8+) 0-1

[Event "RUS-ch"]
[Site "Elista"]
[Date "1996.??.??"]
[Round "7"]
[White "Rublevsky, Sergei"]
[Black "Dreev, Alexey"]
[Result "0-1"]
[WhiteElo "2645"]
[BlackElo "2645"]
[Annotator "Belov,I"]
[PlyCount "104"]
[EventDate "1996.10.15"]
[EventType "swiss"]
[EventRounds "11"]
[EventCountry "RUS"]
[SourceTitle "CBM 056"]
[Source "ChessBase"]
[SourceDate "1997.02.01"]
[SourceVersion "1"]
[SourceVersionDate "1997.02.01"]
[SourceQuality "1"]

1. e4 d5 2. exd5 Nf6 3. d4 Nxd5 4. c4 Nb6 5. Nf3 Bg4 6. c5 N6d7 7. Bc4 (7. h3
Bxf3 (7... Bh5 8. Qb3 Nc6 9. d5 Bxf3 10. Qxf3 Nd4 11. Qe4 e5 12. dxe6 Nxe6 13.
Qxb7 Bxc5 14. Bc4 O-O 15. O-O Qh4 $132 {Klovan,Y-Gutman,L/URS/1972/0:1/41/}) 8.
Qxf3 Nc6 9. Be3 e5 10. dxe5 Ndxe5 11. Qe4 Qd7 12. Nc3 f5 13. Qa4 O-O-O 14. Rd1
Qe8 15. Be2 Rxd1+ 16. Qxd1 f4 17. Bxf4 Bxc5 18. O-O $14 {Illescas Cordoba,
M-Corbin,P/Novi Sad olm/1990/1:0/67/}) (7. Qb3 Nc6 8. Be3 Bxf3 9. gxf3 Rb8 10.
d5 Nce5 11. Be2 h5 12. Nc3 c6 13. f4 Ng4 14. O-O-O Nxe3 15. fxe3 Qa5 $13 {
Zuidema,C-Karaklajic,N/Amsterdam/1965/0:1/42/}) 7... e6 8. Nc3 (8. Be3 b6 9.
Nc3 bxc5 10. d5 Bd6 (10... Bxf3 11. Qxf3 Ne5 12. Bb5+ c6 13. Qe4 cxb5 14. Qxe5
Nd7 15. Qg3 e5 16. Nxb5 Qb6 17. Nc3 f5 $132 {Justin,M-Karaklajic,N/Ljubjana/
1983/0:1/24/}) 11. dxe6 fxe6 12. h3 Bf5 13. g4 Bg6 14. Bxe6 Nc6 15. O-O $16 {
Christiansen,L-Commons,K/USA-ch/1978/1:0/24/}) 8... Be7 9. h3 Bh5 10. Be3 (10.
O-O O-O 11. g4 Bg6 12. Be3 Nc6 13. a3 e5 14. d5 Nd4 15. Nxd4 exd4 16. Bxd4 Bxc5
17. Bxc5 Nxc5 18. f4 f5 19. b4 Nd7 20. g5 $16 {Gruenfeld,Y-Strauss,D/Lone Pine
op/1981/1:0/47/}) 10... Nc6 (10... O-O 11. g4 Bg6 12. h4 h5 13. Ng5 Nf6 14.
gxh5 Bxh5 15. Be2 Bg6 $13 {Suetin,A-Gipslis,A/Minsk/1993/0,5/30/}) (10... b6
11. g4 Bg6 12. Qe2 c6 13. O-O-O Qc7 14. h4 h5 15. Ng5 Nf6 16. f3 $14 {Muller,
M-Schitzer,K/GER/1995/0:1/40/}) 11. Qe2 (11. a3 e5 12. d5 Nd4 13. g4 Nxf3+ 14.
Qxf3 Bg6 15. b4 $16 {Byrne,R-Rogoff,K/USA-ch/1978/1:0/31/}) 11... O-O 12. O-O-O
Bg6 (12... Na5 13. d5 e5 14. d6 cxd6 15. cxd6 Bf6 16. Bd5 Rc8 17. Be4 Nc6 18.
g4 Bg6 19. Bxg6 hxg6 20. Kb1 $16 {Renner,C-Dutschak,H/GER/1994/1:0/31/}) 13. h4
Bh5 14. Rhg1 (14. g4 Bxg4 15. Rhg1 Bxf3 16. Qxf3 Kh8 17. Qg2 Bf6 (17... Rg8 18.
d5 exd5 19. Bxd5 $40) 18. d5 exd5 19. Nxd5 $40) 14... Bg4 $1 (14... Nf6 15. d5
exd5 16. Nxd5 Nxd5 17. Bxd5 (17. Rxd5 Bxf3 18. gxf3 Qe8 19. Bh6 Bf6 20. Qxe8
Raxe8 21. Rd7 Re7 $10) 17... Bxf3 (17... Qe8 18. g4 Bg6 19. h5 $18) 18. gxf3
Qe8 19. Qc4 $36) 15. d5 (15. a3 $5) 15... exd5 16. Nxd5 (16. Bxd5 $5 $16) 16...
Bxc5 $1 17. Bxc5 Nxc5 18. Qe3 (18. Nb6 Qf6 19. Nxa8 Rxa8 20. Qe3 $16) 18... Nd7
(18... Ne6 19. Nb6 $16) 19. Qf4 Bxf3 (19... Be6 20. Ng5 Bxd5 21. Rxd5 $40) 20.
gxf3 Nce5 (20... Nde5 $4 21. Nf6+ $18) 21. Rg5 Re8 $1 (21... Ng6 22. Qg3 Nde5
23. h5 Nxc4 (23... h6 24. Rxg6 Nxg6 25. hxg6 $18) 24. hxg6 f6 25. gxh7+ Kh8 26.
Rxg7 $40) (21... Nxc4 22. Rdg1 g6 (22... Nd6 23. Rxg7+ Kh8 24. Qh6 $18) 23.
Qxc4 c6 24. Ne3 Nf6 25. h5 $36) 22. Rdg1 Ng6 (22... g6 23. h5 h6 24. hxg6 hxg5
25. gxf7+ Nxf7 26. Nxc7 Qf6 27. Bxf7+ Qxf7 28. Rxg5+ Kf8 29. Rf5 $18) 23. Qg3 (
23. Rxg6 hxg6 24. Nxc7 Qf6 25. Qxf6 Nxf6 26. Nxa8 Rxa8 $17) 23... Nde5 24. Bb3
(24. h5 Nxc4 25. hxg6 hxg6 $19) 24... c6 25. Nc3 (25. h5 cxd5 26. hxg6 hxg6 $19
) 25... Qf6 $1 26. h5 (26. Bd1 h6) 26... Nxf3 $8 (26... Nf8 27. Rxg7+) 27. hxg6
Qxg5+ 28. Qxg5 Nxg5 29. Rxg5 hxg6 30. Rxg6 Rad8 $17 31. Rg4 Kf8 32. Rf4 Re7 33.
a4 g6 34. Kc2 Kg7 35. Bc4 Rd6 36. Rg4 (36. b3 Rf6 37. Rxf6 Kxf6 38. Kd3 Kf5 39.
Ne2 Kg4 40. Nd4 c5 41. Nc2 Kf3 $19) 36... Re5 37. Bd3 Rh5 38. Rb4 b6 39. Be2
Rh2 40. f3 (40. Rf4 Rf6 41. Rxf6 Kxf6 42. f3 Ke5 43. Kd3 Kf4 44. b4 g5 45. b5
cxb5 46. Nxb5 a6 47. Nd6 f5 48. Nc8 b5 $19) 40... f5 $1 41. Rc4 g5 42. b4 Rh4
$1 43. Kb3 (43. Rxh4 gxh4 44. Bf1 Rd4 45. Kb3 Rd2 46. Kc4 Rf2 $19) 43... Kf6
44. Nb1 Rxc4 45. Kxc4 Ke5 46. Bd3 Kf4 $19 47. Nd2 b5+ $1 48. axb5 cxb5+ 49. Kc3
Rd5 50. Nb3 Ke3 51. Bc2 g4 52. fxg4 fxg4 0-1